Observations on a letter by John Eardley Eardley-Wilmot, Esq., one of His Majesty's justices of the peace for the county of Warwick : to the magistrates of Warwickshire.

Bibliographic Details
Format: eBook
Language:English
Published: London : T. & G. Underwood : Beilby and Knott, 1820.
Series:Making of the modern world (Goldsmiths'-Kress Library of Economic Literature)
Subjects:
Online Access:Connect to the full text of this electronic book

MARC

Tag First Indicator Second Indicator Subfields
LEADER 00000cam a2200000Ia 4500
001 in00002261113
005 20190326185353.0
006 m | d |
007 cr |n||||||||n
008 871103s1820 enk s 000 0 eng d
040 |a TXA  |c GKR  |d OCL  |d Thomson Gale  |d UtOrBLW 
245 0 0 |a Observations on a letter by John Eardley Eardley-Wilmot, Esq., one of His Majesty's justices of the peace for the county of Warwick :  |b to the magistrates of Warwickshire. 
264 1 |a London :  |b T. & G. Underwood :  |b Beilby and Knott,  |c 1820. 
300 |a 23 pages 
336 |a text  |b txt  |2 rdacontent 
337 |a computer  |b c  |2 rdamedia 
338 |a online resource  |b cr  |2 rdacarrier 
500 |a Reproduction of original from Goldsmiths' Library, University of London. 
500 |a Goldsmiths'-Kress number 22967. 
510 4 |a OCLC,  |c 16932762 
533 |a Electronic reproduction.  |b Farmington Hills, Mich. :  |c Thomson Gale,  |d 2005.  |f (The making of the modern world).  |n Available via the World Wide Web.  |n Access limited to licensing agreements.  |7 s2005 miunns 
500 |a Electronic resource. 
600 1 0 |a Eardley-Wilmot, J. E.  |q (John Eardley),  |c Sir,  |d 1783-1847. 
655 0 |a Electronic books. 
830 0 |a Making of the modern world (Goldsmiths'-Kress Library of Economic Literature) 
856 4 0 |u http://proxy.library.tamu.edu/login?url=http://galenet.galegroup.com/servlet/MOME?af=RN&ae=U103848341&srchtp=a&ste=14&locID=txshracd2898  |z Connect to the full text of this electronic book  |t 0 
999 |a MARS 
999 f f |s d7adcf6b-caa4-39d1-abb8-729d768505dd  |i f5c834aa-3929-35b1-864c-f88bd46a3d6a  |t 0 
952 f f |a Texas A&M University  |b College Station  |c Electronic Resources  |d Available Online  |t 0  |h No information provided 
998 f f |t 0  |l Available Online